00751cam a22002657a 4500003000500000005001700005008004100022010001000063011001000073020001500083035001000098040000900108082002000117110000800137245012300145260002400268300003900292410000800331490004000339650001200379700002200391700002400413810000800437830004000445CHAP20220817043444.0980622d1996 it a r 00110 eng d a75788 a76760 a9251039216 a86349 cCHAP04a639.2bF3 v.3652 aFAO10aStatus of interactions of Pacific tuna fisheries in 1995c/by Richard S. Shomura, Jacek Majkowski and Robert F. Harman aRome :bFAO,c1996. a612 p. :bilus. ; gráfs. ; mapas21aFAO 0aDocumento técnico de pescav; 36514aAtún.02aHarman, Robert F.02aShomura, Richard S.0 aFAO00aDocumento técnico de pescav; 365